| 000 | 00484cam a2200205ua 4500 | ||
|---|---|---|---|
| 001 | 7553 | ||
| 008 | 141212n ii |||gr||||Z||||||eng | ||
| 020 | _a9788186307540 | ||
| 040 | _cMAIN | ||
| 041 | _aeng | ||
| 082 | _a320.011 | ||
| 100 |
_aPhukon,G., _eAuthor. |
||
| 245 |
_aGlimpses of political thought _cBy Girin Phukon |
||
| 250 | _a1st. | ||
| 260 |
_aGuwahati: _bDVS, _c2013. |
||
| 300 | _a163p. | ||
| 653 | _aPolitical science | ||
| 653 | _aPolitical thought | ||
| 942 | _cBK | ||
| 999 |
_c6676 _d6676 |
||